000 00600nam a22002177a 4500
003 OSt
005 20160315130112.0
008 160315b xxu||||| |||| 00| 0 eng d
020 _a9780470721698
040 _cDDC
082 _a621.3 HAN 2011
100 _aedited by Antonio, Luque; Steven, Hegedus
_97360
245 _aHandbook of Photovoltaic Science and Engineering
250 _a2nd ed.
260 _aUK; John Wiley, 2011
300 _axxix,1132p; ill: 25cm
504 _aReferences, & index included
650 _aPhotovoltaic
_94598
650 _aEngineering
_9373
942 _2z
_cO_SHELF
999 _c3268
_d3268